01122nam a2200265 i 450000100060000000300090000600500170001500700030003200800410003502000180007610000490009424501580014325000120030126000370031330000220035049000550037250001220042765500330054970000310058283000630061385200330067694200080070999900170071795201220073462251ES-MaACL20250724063409.0t|031119s1985 sp ||||1| spa d a84-85887-82-41 aFeijoo, Benito Jerónimo,d1676-176494910510aTeatro crítico b: ensayos filosóficos / cBenito Jerónimo Feijoo ; introducción y selección de textos a cargo de Eduardo Subirats Rüggeberg. a1ª ed. aBarcelona : bAnthropos, c1985. a338 p. ; c20 cm.1 aPensamiento crítico/pensamiento utópico ; v17 aLos textos seleccionados son reprod. facs. de 1ª ed. de: Madrid : Imp. Herederos de Francisco del Hierro, 1748-1750. 72tgfbne9226495aFacsímiles1 aSubirats, Eduardo.91086960 aPensamiento crítico/pensamiento utópico ; v179177290 aES-MaACLjL-10119 bR.110644 2udc c62251d62251 00104070aATENEOMbATENEOMcDEPO2d2008-01-17eSCl0oL-10119p1065261r2023-02-23 00:00:00w2023-02-23yMONOGRAFIA